Kezdődnek az AudMax-esték

Elmentve itt :
Bibliográfiai részletek
Dokumentumtípus: Cikk
Megjelent: 2019-02-21
Sorozat:Délmagyarország 109 No. 44
Kulcsszavak:Rendezvény - AudMax esték - harmadik szemeszter, Bölcsészet- és Társadalomtudományi Kar - Auditórium Maximum, Együttműködés - Pro Philosophia Szegediensi Alapítvány, Ismeretterjesztés, Magyar Irodalmi Tanszék, Szabó Gábor - docens, Vendég - Radnóti Sándor - Széchenyi-díjas professzor
Online Access:http://univ.bibl.u-szeged.hu/49871
LEADER 00816nab a2200169 i 4500
001 univ49871
005 20190222142345.0
008 190222s2019 hu o 0|| zxx d
040 |a SZTE UnivHistória Repozitórium  |b hun 
041 |a zxx 
245 0 0 |a Kezdődnek az AudMax-esték  |h [elektronikus dokumentum] 
260 |c 2019-02-21 
300 |a 4 
490 0 |a Délmagyarország  |v 109 No. 44 
561 |a Egyetemi hirarchívum 
695 |a Rendezvény - AudMax esték - harmadik szemeszter, Bölcsészet- és Társadalomtudományi Kar - Auditórium Maximum, Együttműködés - Pro Philosophia Szegediensi Alapítvány, Ismeretterjesztés, Magyar Irodalmi Tanszék, Szabó Gábor - docens, Vendég - Radnóti Sándor - Széchenyi-díjas professzor 
856 4 0 |u http://univ.bibl.u-szeged.hu/49871/1/10113363.pdf  |z Dokumentum-elérés